مكتبة جامعة عجلون الوطنية

فهرس بحث المكتبة

Normal view MARC view
  • اعداد بني عطا،جميل، م.مشارك: سليمان العباس؛ صالح أبو صيني؛عبد الله الخباص

Entry Personal Name

Number of records used in: 1

001 - CONTROL NUMBER

  • control field: 48498

003 - CONTROL NUMBER IDENTIFIER

  • control field: JO-AjAnu

005 - DATE AND TIME OF LATEST TRANSACTION

  • control field: 20230606082010.0

008 - FIXED-LENGTH DATA ELEMENTS

  • fixed length control field: 230606|| aca||aabn | a|a d

040 ## - CATALOGING SOURCE

  • Original cataloging agency: JO-AjAnu
  • Transcribing agency: JO-AjAnu

100 ## - HEADING--PERSONAL NAME

  • Personal name: اعداد بني عطا،جميل، م.مشارك: سليمان العباس؛ صالح أبو صيني؛عبد الله الخباص

670 ## - SOURCE DATA FOUND

  • Source citation: Work cat.: (JO-AjAnu)24811: اعداد بني عطا،جميل، م.مشارك: سليمان العباس؛ صالح أبو صيني؛عبد الله الخباص, author, منهاج تعليم اللغة العربية لغير الناطقين بها